| 000 | 00602 a2200169 4500 | ||
|---|---|---|---|
| 020 | _a9810214588 | ||
| 020 | _a9789810214586 | ||
| 082 | _a515.624 | ||
| 090 |
_c1146 _d1146 |
||
| 100 | 1 | _aMickens, Ronald E. | |
| 245 | 1 | 0 |
_aNonstandard finite difference models of differential equations / _cRonald E. Mickens. |
| 260 |
_a[S.l.] : _bWorld Scientific Pub Co Inc, _c1994. |
||
| 300 |
_a249 p. ; _c23 cm. |
||
| 700 | _aMickens, Ronald E. | ||
| 942 |
_aSNS _cBK _k515.624 MIC |
||
| 999 |
_c29760 _d29760 |
||